Statistics for Top 500 Baby Girl Names in England (1997) - Alphabetical

Click here to take the quiz!

General Stats

  • This quiz has been taken 2,043 times
    (1,091 since last reset)
  • The average score is 223 of 500

Answer Stats

Answer% Correct
466AAnne
94%
40AAnna
90%
19OOlivia
86%
2EEmily
86%
292EEmilie
86%
13EEmma
85%
53KKatherine
85%
74CCatherine
85%
357CCatrin
85%
251EEliza
85%
83KKathryn
85%
258KKatharine
85%
283RRochelle
84%
28RRachel
84%
79RRachael
84%
205AAmie
83%
433HHana
83%
383HHanna
83%
6HHannah
83%
404EElisabeth
83%
61AAimee
83%
130SSara
83%
413HHenna
83%
22SSarah
83%
11AAmy
83%
30EElizabeth
83%
118MMary
82%
392AAbbi
82%
165AAbbey
82%
55AAbbie
82%
171AAbby
82%
396JJane
80%
7CCharlotte
80%
100IIsabelle
79%
489IIsobelle
79%
96BBeth
79%
433LLillie
79%
75LLily
79%
418LLilly
79%
108IIsabel
79%
121MMaria
79%
4JJessica
79%
460MMariah
79%
77IIsobel
79%
1CChloe
78%
17LLaura
78%
49AAmelia
78%
26AAlice
78%
42GGrace
78%
200RRose
78%
240EEmilia
78%
64KKate
77%
15KKatie
77%
129KKaty
77%
377AAlix
76%
478JJulie
76%
231JJulia
76%
179AAlex
76%
62JJennifer
76%
392CChristie
75%
124EEve
75%
443LLauryn
75%
362LLoren
75%
8LLauren
75%
231EEva
74%
44EElla
73%
34VVictoria
73%
247LLucie
73%
12LLucy
73%
110RRebekah
72%
202CCaroline
72%
9RRebecca
72%
36LLeah
72%
473LLia
72%
31ZZoe
71%
24AAbigail
71%
76MMollie
70%
107IIsabella
70%
43AAlexandra
70%
51NNatalie
70%
21MMolly
70%
500AAva
70%
307AAlysha
69%
27EEllie
69%
38SSamantha
69%
433EElysia
69%
241SSofia
69%
91SSophia
69%
71AAlisha
69%
409DDiana
69%
149EElisha
69%
3SSophie
69%
84AAlicia
69%
234DDeanna
69%
128HHelen
68%
224CClare
68%
226AAmanda
68%
268AAlison
68%
114CClaire
68%
119AAnnie
67%
73BBethan
67%
283AAngel
67%
143LLisa
67%
500SSuzanne
67%
10GGeorgia
67%
140EElle
67%
214CChristina
67%
154JJasmin
66%
89MMia
66%
48JJasmine
66%
82KKelly
65%
380DDannielle
65%
29DDanielle
65%
68DDaisy
65%
223JJoanne
65%
181FFrances
65%
401MMargaret
65%
300MMarie
65%
25JJade
65%
120AAnnabel
64%
178AAnnabelle
64%
332JJenny
64%
68AAshleigh
64%
211AAshley
64%
67HHollie
64%
47MMelissa
64%
23HHolly
64%
422KKim
64%
404EEvelyn
63%
37NNicole
63%
45LLouise
63%
319CClara
63%
256ZZahra
62%
158ZZara
62%
14BBethany
62%
288EElinor
62%
489MMeg
62%
20EEleanor
62%
296BBethanie
62%
387RRosa
61%
466KKaren
61%
40AAmber
61%
198MMichelle
61%
332MMilly
60%
286MMeghan
60%
104RRuby
60%
70RRosie
60%
88MMillie
60%
401CChristine
60%
5MMegan
60%
456AAngela
59%
140RRuth
59%
251JJessie
59%
52SStephanie
58%
147JJoanna
58%
65HHayley
58%
445HHayleigh
58%
156CCara
58%
168JJosephine
58%
260MMelanie
58%
97EErin
58%
484EElin
58%
230KKara
58%
66EEllen
58%
496PPatricia
57%
160FFiona
57%
206MMadeline
57%
95MMadeleine
57%
260FFaith
57%
157KKerry
56%
396CCarrie
56%
93KKimberley
56%
409KKimberly
56%
466KKerri
56%
155DDaniella
56%
380IIsla
55%
175FFlorence
55%
184LLouisa
55%
186CCarla
54%
162HHelena
54%
433KKarla
54%
377AAndrea
54%
460LLola
54%
176KKiera
53%
158KKira
53%
296KKyra
53%
338DDeborah
53%
404CCaitlyn
53%
280KKeira
53%
39NNatasha
53%
85NNaomi
53%
46CCaitlin
53%
350KKaitlin
53%
500KKaitlyn
53%
231JJosie
53%
194EEsther
53%
478CChiara
53%
217EEvie
53%
56LLydia
53%
60FFrancesca
52%
329NNancy
52%
59HHarriet
52%
208MMadison
52%
288MMaddison
52%
148JJenna
52%
416JJacqueline
52%
217NNina
52%
98GGabrielle
52%
169GGabriella
52%
133BBrittany
51%
99TTia
51%
184HHope
51%
433TThea
51%
122JJemma
50%
108PPoppy
50%
57GGemma
50%
460EErika
50%
336EErica
50%
54PPhoebe
49%
283AAaliyah
49%
152CCharley
49%
396AAliyah
49%
102CCharlie
49%
496JJuliet
48%
449JJuliette
48%
33GGeorgina
48%
164MMartha
48%
277NNia
48%
101NNicola
48%
473JJody
47%
58JJodie
47%
362JJodi
47%
263VVanessa
47%
357CCassie
47%
344NNatalia
47%
456TTyra
47%
271BBeatrice
47%
460SStacie
47%
229MMaya
47%
131SStacy
47%
456MMaia
47%
111TTara
47%
449KKayla
47%
172SSally
47%
35CChelsea
47%
236CChelsey
47%
246CChelsie
47%
371LLeila
47%
263LLayla
47%
160BBrooke
47%
288KKathleen
46%
418CCassandra
46%
380LLana
46%
18CCourtney
46%
275CCourteney
46%
449JJoy
46%
180AApril
46%
356SSusannah
46%
78HHeather
46%
113FFreya
45%
226PPolly
45%
202EElena
45%
329EEllena
45%
357AAlannah
44%
146LLara
44%
201AAlana
44%
105LLeanne
43%
116TTaylor
43%
319SSelina
43%
350KKayley
43%
50KKayleigh
43%
215SSadie
43%
215JJamie
43%
344FFelicity
43%
311FFlora
43%
210DDana
42%
153IIndia
42%
174SSummer
42%
144EElise
42%
191CCarly
42%
244TTanya
42%
219HHeidi
42%
404DDayna
42%
460TTania
42%
350SSerena
42%
449SScarlet
41%
274MMonica
41%
94IImogen
41%
204SScarlett
41%
103JJordan
41%
251CConnie
40%
32PPaige
40%
186SSaskia
39%
187SSavannah
39%
117MMaisie
39%
247EEsme
39%
335BBonnie
39%
409FFay
39%
125FFaye
39%
266AAdele
39%
473SSacha
39%
132SSasha
39%
414KKelsie
38%
304BBecky
38%
433AAutumn
38%
16SShannon
38%
177MMatilda
38%
105KKelsey
38%
338CCrystal
38%
396AAishah
37%
199AAyesha
37%
234BBillie
37%
316AAysha
37%
136CCiara
37%
125TToni
37%
145MMichaela
37%
135AAisha
37%
449AAsha
37%
137TTamara
36%
422TTessa
36%
112TTiffany
36%
316HHazel
36%
170NNadia
36%
138CClaudia
36%
140MMorgan
35%
443CClarissa
35%
115CCasey
35%
186KKatrina
35%
346LLacey
35%
338SSonia
34%
478LLaurie
34%
416CCarmen
34%
125EEloise
34%
369AAlexandria
34%
81YYasmin
34%
311YYasmine
34%
279RRosemary
33%
307LLucia
33%
122LLois
33%
236AAnastasia
33%
500BBridget
32%
418TTammy
32%
181SSabrina
32%
208KKirsten
31%
383MMiranda
31%
245TTabitha
31%
332CConstance
31%
90RRobyn
31%
271NNadine
30%
456LLindsey
30%
236GGeorgie
30%
86NNiamh
30%
226SSkye
30%
300TTilly
30%
325LLeigh
30%
206EEbony
30%
294MMiriam
29%
300DDarcy
29%
268MMariam
29%
304KKirstie
29%
63KKirsty
29%
211MMaryam
29%
422DDarcie
29%
350CCoral
28%
338SSydney
28%
197LLorna
27%
219FFatima
27%
449CCharlene
27%
236EEden
27%
429TTalia
27%
367RRhianne
26%
277LLucinda
26%
265RRhian
26%
167PPhilippa
25%
346WWhitney
25%
72SSian
25%
329RRenee
25%
429AAlina
25%
355TTerri
25%
383EEvangeline
25%
439TTeri
25%
466TTori
25%
425AAleena
25%
369RRoxanne
24%
211SShona
24%
134SShauna
24%
298AAnya
24%
489BBobbie
24%
258PParis
24%
396OOrla
24%
195AAntonia
24%
392KKia
23%
471MMarina
23%
139BBryony
23%
80DDemi
23%
336BBriony
23%
349HHarley
22%
221LLibby
22%
342CCeline
22%
151SShelby
21%
445GGenevieve
21%
86RRhiannon
21%
173JJemima
21%
439NNikki
21%
271AAmina
20%
288MMonique
20%
92CChantelle
20%
162SSiobhan
19%
439RRowan
18%
298FFern
18%
471FFarah
18%
387FFleur
18%
387DDanni
18%
166RRhianna
18%
286RRia
17%
311SSimone
17%
357KKennedy
17%
362AAoife
17%
429CCharmaine
17%
377TTiegan
16%
242TTegan
16%
449LLeona
16%
242TTyler
16%
478LLarissa
15%
251IIona
15%
294VVerity
15%
319RRosanna
15%
247RRoisin
15%
392CChanelle
14%
325CChanel
14%
316CCerys
14%
222CCarys
14%
319DDominique
14%
484AAnnalise
14%
401HHonor
13%
478CCodie
13%
323MMillicent
13%
191KKeeley
13%
323KKeely
13%
371CCody
13%
500CCherie
12%
311PPriya
12%
190SSinead
12%
460MMarnie
12%
251ZZainab
12%
346RRhea
12%
367RRianna
11%
439BBronwyn
11%
362DDevon
10%
374BBronte
10%
150NNikita
10%
275EEllis
10%
414AAneesa
10%
429AAnisah
10%
266AAnisa
10%
310LLeonie
9%
374DDionne
9%
489SSapphire
9%
195SSaffron
9%
256LLiberty
8%
371TTonicha
8%
315TTanisha
8%
281TTamsin
8%
425CCatriona
8%
181FFfion
8%
404BBridie
8%
409SStevie
8%
418HHafsa
7%
387HHaleema
7%
325HHalima
7%
484KKhadija
7%
306SSana
6%
445SSanah
6%
307IIqra
6%
445DDemi-Leigh
6%
383SSalma
6%
262BBrogan
6%
473LLevi
6%
268TTayla
6%
292SSyeda
5%
191SSimran
5%
484CCharis
5%
225SShanice
5%
466JJamie-Lee
5%
281KKiran
4%
425BBillie-Jo
4%
362AAngharad
4%
303LLowri
4%
353SSadia
4%
387AAtlanta
3%
484MManisha
3%
353CCaprice
3%
489EEllie-May
3%
374AAnisha
3%
325SSharna
3%
473SSaima
3%
478RRio
3%
500EEmma-Louise
2%
425SSabah
2%
342SShivani
1%

Score Distribution

Percentile by Number Answered

Percent of People with Each Score

Your Score History

You have not taken this quiz since the last reset